Genetic characterization of the carotenoid biosynthetic pathway in methylobacterium extorquens AM1 and isolation of a colorless mutant /
שמור ב:
| מחברים אחרים: | , , , |
|---|---|
| פורמט: | Bài viết |
| שפה: | English |
| נושאים: | |
| תגים: |
הוספת תג
אין תגיות, היה/י הראשונ/ה לתייג את הרשומה!
|
| Thư viện lưu trữ: | Thư viện Trường Đại học Đà Lạt |
|---|
| LEADER | 01057nam a2200337 4500 | ||
|---|---|---|---|
| 001 | DLU090092957 | ||
| 005 | ##20091201 | ||
| 040 | # | # | |a DLU |b eng |
| 041 | # | # | |a eng |
| 044 | # | # | |a us |
| 245 | # | # | |a Genetic characterization of the carotenoid biosynthetic pathway in methylobacterium extorquens AM1 and isolation of a colorless mutant / |c Stephen J. Van Dien ... [et al.]. |
| 653 | # | # | |a Bacteria |
| 653 | # | # | |a Biosynthesis |
| 653 | # | # | |a Carotenoid |
| 653 | # | # | |a Genetics |
| 653 | # | # | |a Methylobacterium |
| 653 | # | # | |a Mutation |
| 700 | # | # | |a Dien, Stephen J. Van. |
| 700 | # | # | |a Lidstrom, Mary E. |
| 700 | # | # | |a Marx, Christopher J. |
| 700 | # | # | |a O'Brien, Brooke N. |
| 773 | # | # | |t Applied and Environmental Microbiology |g Vol. 69, no. 12 (December 2003), p. 7563-7566 |
| 920 | # | # | |a Phòng Tạp chí -- Trung tâm Thông tin - Thư viện Trường Đại học Đà Lạt |
| 994 | # | # | |a DLU |
| 900 | # | # | |a True |
| 911 | # | # | |a Trương Bảo Trâm Anh |
| 925 | # | # | |a G |
| 926 | # | # | |a A |
| 927 | # | # | |a BB |
| 980 | # | # | |a Thư viện Trường Đại học Đà Lạt |